000 00485nam a2200181Ia 4500
005 20250508151723.0
008 008 250505s9999 xx 000 0 hin d
037 _aTextual
040 _aFEDL
_beng
_cFEDL
041 _ahin
_2eng
084 _a891.432, MAD
_qFEDL
100 _aMadan Indra Nath
245 0 _aEkanki sankalan
260 _aDelhi, India
_bAttar Chand Kapoor and Sons
300 _a210p
942 _cTEXL
_h891.432, MAD
999 _c1331682
_d1331682